| 000 | 00426nam a2200181 i 4500 | ||
|---|---|---|---|
| 001 | bg | ||
| 100 | 1 | _aWROTEK, Witold | |
| 245 | 0 |
_aOrCAD/PCB / _cWitold Wrotek. |
|
| 260 |
_aWarszawa : _bWydaw. PLJ, _c1993. |
||
| 300 |
_a72 s. ; _c24 cm. |
||
| 020 | _a8371010397 | ||
| 040 | _cBPK | ||
| 041 | _apol | ||
| 080 | _a681.322.06:621.382 | ||
| 920 | _a83-7101-039-7 | ||
| 942 | _cKS | ||
| 008 | s pl f |000 0 pol | ||
| 999 |
_c6282 _d6282 |
||
| 856 |
_uhttp://koha.tu.koszalin.pl/cgi-bin/koha/opac-detail.pl?biblionumber=6282 _yKatalog online BPK |
||